000 00675nam a22002057a 4500
005 20251108165530.0
008 250721s1990 xx 000 0 ara d
082 1 4 _a810.609/آل
100 1 _aالألوسي، نوري شاكر
245 1 0 _aالصراع العربي الفارسي في الأدب العربي /
264 1 _aبغداد :
_bدار الشوؤن الثقافية العامة،
_c1990.
300 _a112ص
650 1 7 _aالأدب العربي
650 1 7 _aالعصر العباسي
650 1 7 _aالنقد الأدبي
650 1 7 _aالأدب الفارسي
650 1 7 _aالتاريخ الإسلامي
942 _2ddc
_cBK
999 _c30141
_d30141